000 00761nam a22002297a 4500
005 20170124105949.0
010 _aA-761655
020 _c00.00
_a0803992491
035 _aA-761655
037 _bCen Lib/Ret
040 _aDPL
_bEN
082 _a305.694505931
_bMEA
100 _aMearns, David James
_913241
245 _aShiva's other children :
_cby David James Mearns
_breligion and social identity amongst /
260 _aNew Delhi
_bSage Publications
_c1995
270 _a32, M Block Market, Greater Kailash
_bNew Delhi
_e110048
300 _a300p.
_c22cm(Hb)
500 _aIncludes bibliographic references and index
650 _aReligion
_980169
650 _aSocial aspect
_913243
942 _2ddc
_cEN
_h305.694505931
_mMEA
999 _c125163
_d125163